13 Şimşek Perisi Şule (Kayıt no. 658111)

MARC ayrıntıları
000 -LEADER
sabit uzunluktaki kontrol alanı 00246nam a2200097Ia 4500
001 - KONTROL NUMARASI
kontrol alanı 658111
005 - EN SON İŞLEMİN TARİH VE ZAMANI
kontrol alanı 20250826154629.0
008 - SABİT-UZUNLUKTA VERİ ÖĞELERİ--GENEL BİLGİ
sabit uzunluktaki kontrol alanı 250824s9999 xx 000 0 und d
245 #0 - ESER / YAZAR
ESER ADI 13 Şimşek Perisi Şule
Yazar Adı DAISY MEADOWS
260 ## - YAYIN, DAĞITIM, VB.
YAYIN EVİ BEYAZ BALİNA
Mevcut
Düşüm durumu Kayıp durumu Hasar Durumu Ödünç verilmez Ana kütüphane Geçerli Kütüphane Edinilen tarih Toplam ödünç verme sayısı Barkod Son görüntüleme tarihi Son ödünç verme tarihi Fiyatın geçerli olmaya başladığı tarih Koha materyal türü
        REBİİ KARATEKİN ORTAOKULU REBİİ KARATEKİN ORTAOKULU 24.08.2025 1 1011395 12.01.2026 26.12.2025 26.08.2025 Kitaplar
Gemini Bilgi Teknolojileri A.Ş. tarafından düzenlenmiştir.